000 00668cam a22001571 4500
082 0 0 _a950.2
_bHAR
_cL-30-I, P-17
100 1 _aHart, b.h Liddell
_946426
245 1 0 _aGreat captains unveiled
_cB.H. Liddell Hart.
260 _aFreeport, N.Y.,
_bBooks for Libraries Press
_c[1967]
300 _a274 p.
_bmaps.
_c22 cm.
500 _aReprint of the 1928 ed.
505 0 _aJenghiz Khan and Sabutai.--Marechal de Saxe, military prophet.--Gustavus Adolphus, founder of modern war.--Wallenstein, the enigma of modern history.--General Wolfe, grandsire of the United States, 1727-1759.
526 _a0
_b0
_c0
_d950_200000000000000_HAR
650 _aMCE
_9379
942 _2ddc
_cBK
999 _c549765
_d549765